Analýza a prognóza vybraných činiteľov rastu výkonnosti ekonomiky diplomová práca

Uložené v:
Podrobná bibliografia
Hlavný autor: Hečko, Igor
Korporativný autor: Národohospodárska fakulta EU. Katedra hospodárskej politiky
Ďalší autori: Pobudová, Daniela, 1982-
Médium: Kniha
Jazyk:Slovak
Vydavateľské údaje: Bratislava 2012
Tagy: Pridať tag
Žiadne tagy, Buďte prvý, kto otaguje tento záznam!

MARC

LEADER 00000nbm a2200000 4500
001 0153404
005 20161109102111.0
041 0 |a slo 
044 |a SK 
245 1 0 |a Analýza a prognóza vybraných činiteľov rastu výkonnosti ekonomiky  |b diplomová práca  |c Igor Hečko ; školiteľ: Daniela Pobudová 
264 1 |a Bratislava  |c 2012 
300 |a 67 s. 
100 1 |a Hečko, Igor 
700 1 |a Pobudová, Daniela, 1982- 
710 2 |a Národohospodárska fakulta EU. Katedra hospodárskej politiky